Historias inequívocas (Record no. 7763)
[ view plain ]
| 000 -LEADER | |
|---|---|
| campo de control de longitud fija | 00345nam a2200145Ia 4500 |
| 001 - NÚMERO DE CONTROL | |
| campo de control | 4171 |
| 008 - DATOS DE LONGITUD FIJA--INFORMACIÓN GENERAL | |
| campo de control de longitud fija | 241024s9999 xx 000 0 und d |
| 020 ## - NÚMERO INTERNACIONAL ESTÁNDAR DEL LIBRO | |
| Número Internacional Estándar del Libro | 978-9945-489-06-4 |
| 082 ## - NÚMERO DE LA CLASIFICACIÓN DECIMAL DEWEY | |
| Número de clasificación | RD/863/C399h |
| 100 ## - ENTRADA PRINCIPAL--NOMBRE DE PERSONA | |
| Nombre de persona | Ginni Cepeda |
| 245 #0 - MENCIÓN DEL TÍTULO | |
| Título | Historias inequívocas |
| 260 ## - PUBLICACIÓN, DISTRIBUCIÓN, ETC. | |
| Nombre del editor, distribuidor, etc. | 3C print |
| Fecha de publicación, distribución, etc. | 2013 |
| 901 ## - ELEMENTOS DE DATOS A LOCAL LDA (RLIN) | |
| a | 18/8/2016 9:03:21 a.m. |
No items available.